| 000 | 00567cam a22002053a 4500 | ||
|---|---|---|---|
| 001 | 35033 | ||
| 003 | PGUSA | ||
| 005 | 20140828083744.0 | ||
| 008 | 110121s2011||||xxu|||||s|||||000 | eng d | ||
| 040 |
_aPGUSA _beng |
||
| 042 | _adc | ||
| 100 | 1 | _aEllis, William Hodgson | |
| 245 | 1 | 0 |
_aWayside Weeds _h[electronic resource] / _cWilliam Hodgson Ellis |
| 260 |
_bProject Gutenberg, _c2011 |
||
| 506 | _aPublic domain in the USA. | ||
| 516 | _aElectronic text | ||
| 830 | 0 |
_aProject Gutenberg _v35033 |
|
| 856 | 4 | 0 | _uhttp://www.gutenberg.org/ebooks/35033 |
| 942 | _cEB | ||
| 999 |
_c264288 _d264288 |
||